| 000 | 01067nas a2200313 4500 | ||
|---|---|---|---|
| 001 | BR8201032 | ||
| 003 | BR-BrBNA | ||
| 005 | 20231205085046.0 | ||
| 007 | ta | ||
| 008 | 230509b bl.|||p| |||| 00| 00por d | ||
| 040 |
_aBR-BrBNA _bpor _cBiblioteca Nacional de Agricultura |
||
| 041 | _a(Pt) | ||
| 072 | _aE50; E15 | ||
| 100 | 1 | _aAlem, J.M. | |
| 100 | 1 | _aCastro, L.M.B. | |
| 100 | 1 | _aMaia, M.M. | |
| 100 | 1 | _aBarros, E.V. | |
| 111 | 1 |
_a19. Congresso Brasileiro de Economia e Sociologia Rural _cOlinda, PE (Brazil) _d19 Jul 1981 |
|
| 245 | 1 | _aCaminhos migratorios de trabalhadores rurais do norte de Minas Gerais [Brasil] | |
| 246 | 1 | _a[Migratory routes of rural workers from the north of Minas Gerais [Brazil]] | |
| 650 | _aSociologia rural | ||
| 650 | _aMicroeconomia | ||
| 650 | _aMigracao rural | ||
| 650 | _aTrabalhador rural | ||
| 650 | _aMinas Gerais | ||
| 773 | 0 |
_tRevista de Economia Rural (Brazil) _xISSN 0100-4905 _g(1981), v. 19 (Special number) p. 127-153 _wBR8201032 |
|
| 909 |
_a202311 _bLúcia _c55 _dLúcia Elande |
||
| 942 |
_2AGRIS _n0 _cANA |
||
| 999 |
_c108943 _d108943 |
||